[Event "Druga liga Srbije grupa Vojvodina 2011"]
[Site "Vrbas"]
[Date "2011.09.29"]
[Round "7.6"]
[White "Zobenica, Ivan"]
[Black "Mastrapovic, Vladimir"]
[Result "0-1"]
[WhiteElo "2034"]
[BlackElo "2260"]
[PlyCount "56"]
[EventDate "2011.09.25"]

1. e4 c5 2. b3 g6 3. Bb2 Nf6 4. e5 Nd5 5. Bc4 Nb6 6. e6 f6 7. Qe2 dxe6 8. Nf3
Nxc4 9. Qxc4 Qd5 10. Qh4 Bg7 11. Nc3 Qc6 12. O-O-O e5 13. d3 O-O 14. Nd2 b5 15.
g4 Bb7 16. Rhg1 Nd7 17. Rg3 Rfd8 18. Re3 Re8 19. Ne2 Rac8 20. f4 exf4 21. Rh3
Nf8 22. Ne4 g5 23. Qh5 e5 24. Ba3 b4 25. Bb2 Qa6 26. Nxc5 Qc6 27. d4 exd4 28.
Nxd4 Qxc5 0-1